000 00654nam a2200229 i 4500
001 C2-0279267
003 PPAK
005 20180728010539.0
008 070424s xx a|||| ||||| | may d
040 _aPPAK
_beng
_cPPAK
_erda
082 0 4 _a959.5
_223
090 0 0 _a959.5
_bABU
_dKK
100 0 _aAbu Yazid Abidin,
_eauthor
245 1 0 _aDetik perjuangan dan sejarah kemerdekaan kita
300 _a5 pages :
_billustrations ;
_c30 cm
336 _2rdacontent
_atext
337 _2rdamedia
_aunmediated
338 _2rdacarrier
_avolume
500 _aPetikan dari majalah Dewan Masyarakat Ogos 1964
650 1 0 _aMalaysia - history
942 _ddc
_cB
999 _c85954
_d85954